| 000 | 01233nam0a22002651 4500 | ||
|---|---|---|---|
| 001 | rc\3345090 | ||
| 005 | 20130115152038.0 | ||
| 021 |
_aRU _b[73-53348] |
||
| 035 | _a(NLR Aleph) 007518948 | ||
| 090 |
_a7719178 _c7719178 |
||
| 100 | _a20130115d1973 |||y0rusy50 ca | ||
| 101 | 0 | _arus | |
| 102 | _aRU | ||
| 105 | _ay z ||||| | ||
| 200 | 1 |
_aАлгоритм и программа для централизованной обработки данных системы зондирования атмосферы "РКЗ-Метеор" _fГл. упр. гидрометеорол. службы при Совете Министров СССР. Центр. аэрол. обсерватория |
|
| 210 |
_aМосква _cГидрометеоиздат. Моск. отд-ние _d1973 |
||
| 215 |
_a75 с. _d21 |
||
| 320 | _aСписок лит.: с. 74 (11 назв.) | ||
| 606 |
_aАтмосфера _xРадиозондирование _xОбработка результатов на вычислительных машинах _2psbo |
||
| 700 | 1 |
_aТрифонов _bГ. П. _gГеннадий Пантелеевич |
|
| 801 | 0 |
_aRU _bNLR _gpsbo |
|
| 801 | 1 |
_aRU _bELAR _2rusmarc |
|
| 852 |
_aNLR _j73-6/5392 |
||
| 942 | _cBOOK | ||
| 980 | _aNB | ||